000 00424nam a2200181Ia 4500
001 25172
005 20260414151132.0
008 260414t2014||||xx |||||||||||||| ||spa||
041 _aESP
082 _a346.3
_bF41
100 _aFernández Arce, César
_eAUT
245 0 _aDerecho de sucesiones
_b
260 _c2014
300 _a576 páginas :
_c24 cm.
650 _aDER
654 _aCDE
942 _cLIB
_dJUS
_fJUS
_2ddc
_n
999 _c25172
_d25172